U.S. Cabinet Members - Statistics

General Stats
  • This quiz has been taken 77 times
  • The average score is 13 of 23
Answer Stats
Title Party Answer % Correct
Vice President R JD Vance
100%
Secretary of State R Marco Rubio
92%
Attorney General R Pam Bondi
88%
Secretary of Defense R Pete Hegseth
83%
Secretary of Health and Human Sevices I Robert F. Kennedy Jr.
83%
Secretary of the Treasury R Scott Bessent
67%
Secretary of Homeland Security R Kristi Noem
58%
Secretary of Education R Linda McMahon
58%
Secretary of the Interior R Doug Bergum
54%
Director of National Intelligence R Tulsi Gabbard
54%
Secretary of Agriculture R Brooke Rollins
50%
Secretary of Commerce R Howard Lutnick
50%
Secretary of Transportation R Sean Duffy
50%
Secretary of Energy R Chris Wright
46%
Secretary of Veterans Affairs R Doug Collins
46%
Secretary of Housing and Urban Development R Scott Turner
42%
Secretary of Labor R Lori Chavez-DeRemer
38%
Director of the Central Intelligence Agency R John Ratcliffe
33%
Administrator of the Environmental Protection Agency R Lee Zeldin
33%
Director of the Office of Management and Budget R Russel Vought
33%
White House Chief of Staff R Susie Wiles
33%
United States Trade Representative R Jamieson Greer
29%
Administrator of the Small Business Administration R Kelly Loeffler
29%
No matching quizzes found
Score Distribution
Percent of People with Each Score
Percentile by Number Answered
Your Score History
You have not taken this quiz